| 000 | 007830000a22002530004500 | ||
|---|---|---|---|
| 003 | LK-CoMWRAF | ||
| 005 | 20240611121054.0 | ||
| 008 | 230817t1997 ||||| |||| 00| 0 eng d | ||
| 020 | _a9556070184 | ||
| 040 |
_aLK-CoMWRAF _dLK-CoMWRAF _eLK-CoMWRAF |
||
| 041 | _aeng | ||
| 082 |
_a302.2 _bWEB |
||
| 100 | _aWeber, Erika | ||
| 245 |
_aUnderstanding one another: _bmethods of improving communication between men and women- a training manual |
||
| 260 |
_aColombo: _bFriedrich-Ebert-Stiftung, _c1997 |
||
| 300 |
_a77 p. _bBibliography included |
||
| 490 |
_aFES publication _v26 |
||
| 650 | _aINTERPERSONAL COMMUNICATION | ||
| 650 | _aCommunication gap | ||
| 700 |
_aGoonewardene, B.S. _etrans. |
||
| 700 |
_aPieris, Sita _eed. |
||
| 700 |
_aBartoldus, Beate _eed. |
||
| 942 | _cBK | ||
| 999 |
_c1673 _d1673 |
||